Statistics for [路線図付き] 首都圏新都市鉄道 つくばエクスプレス 駅名穴埋めクイズ

Click here to take the quiz!

General Stats

  • This quiz has been taken 88 times
  • The average score is 15 of 20

Answers on the Map

Answers color-coded by a green-red scale on the quiz's map according to % correct below.
 

Answer Stats

Answer% Correct
つくばエクスプレスTX01秋葉原
100%
つくばエクスプレスTX05北千住
99%
つくばエクスプレスTX20つくば
97%
つくばエクスプレスTX04南千住
94%
つくばエクスプレスTX10南流山
90%
つくばエクスプレスTX12流山おおたかの森
88%
つくばエクスプレスTX03浅草
87%
つくばエクスプレスTX15守谷
84%
つくばエクスプレスTX02新御徒町
84%
つくばエクスプレスTX08八潮
81%
つくばエクスプレスTX19研究学園
72%
つくばエクスプレスTX09三郷中央
69%
つくばエクスプレスTX14柏たなか
69%
つくばエクスプレスTX13柏の葉キャンパス
69%
つくばエクスプレスTX07六町
67%
つくばエクスプレスTX06青井
66%
つくばエクスプレスTX16みらい平
63%
つくばエクスプレスTX11流山
セントラルパーク
61%
つくばエクスプレスTX18万博記念公園
57%
つくばエクスプレスTX17みどりの
55%

Score Distribution

Percentile by Number Answered

Percent of People with Each Score

Your Score History

You have not taken this quiz